000 00916nam a2200217 a 4500
001 BRCA_825
005 20190320203151.0
008 941220s1994 mx-a---##b---s000-0#spa-#
040 _aDLC
_cDLC
050 4 _aNK7114
_b.T47 1994
100 1 _aTerán, Silvia
_92746
245 1 0 _aLa platería en Yucatán
_cSilvia Terán ; coordinación Luz Elena Arroyo ; diseño e ilustraciones Patricia Etcharren ; fotos Javier Amezquita ... [et al.] ; curador Donald Rohan.
250 _a2
260 _a[Mérida, Yucatán, México]
_bDirección General de Culturas Populares
_c1994
300 _a110 p.
_bil. (algunas a color)
_c28 cm.
500 _aCatálogo de la exposición realizada en la Casa de las Artesanías del Gobierno del Estado de Yucatán, julio, 1993
504 _aBibliografía: p. 110
650 1 4 _aJoyería étnica
_vExposiciones
_zMéxico
_92747
650 1 4 _aJoyería étnica
_xTécnica
_92748
942 _2lcc
_cB
999 _c720
_d720